| 000 | 00600nam a2200205 a 4500 | ||
|---|---|---|---|
| 005 | 20241022063655.0 | ||
| 008 | 040426s1998 mx r 000 0 spa d | ||
| 020 | _a9507247459 | ||
| 035 | _aUPN01000133113 | ||
| 049 | _aCG | ||
| 050 | 4 |
_aHV40 _bK5.6 1998 |
|
| 100 | 1 |
_aKisnerman, Natalio _928834 |
|
| 245 | 1 | 0 |
_aPensar el trabajo social : _buna introducción desde el construccionismo / _cNatalio Kisnerman. |
| 250 | _a2a ed. | ||
| 260 |
_aBuenos Aires : _bLumen-Hvmanitas, _cc1998. |
||
| 300 | _a270 p. | ||
| 650 | 4 |
_aTrabajo social _96125 |
|
| 650 | 4 |
_aServicio social _96246 |
|
| 905 | _aLibro | ||
| 999 |
_c105266 _d105266 |
||